| 000 | 00324 a2200133 4500 | ||
|---|---|---|---|
| 999 |
_c324922 _d324922 |
||
| 001 | 89849 | ||
| 003 | NUST | ||
| 082 | _a891.4391 NAD | ||
| 100 |
_aAhmad Nadeem Qasmi _99862 |
||
| 245 | _aNadeem Ki Nazmain | ||
| 260 |
_aLahore _bSang-e-meel Publications _c2006 |
||
| 300 | _a1415p. | ||
| 500 | _aGeneral Books | ||
| 942 |
_aCAE NUST _cBK _k891.4391 NAD _2ddc |
||